LEADER 01324nam a2200253 i 4500 001 000000139140 003 CaOOAMICUS 005 20061115000000.0 008 061115s1928 xxk u000 u eng u 013 $a113144 040 $aSeMil$bita 100 1 $aStapleton, Thomas,$d<1535-1598>.$0(OLS)http://semarc/name/9140 245 14$aThe life and illustrious martyrdom of Sir Thomas More, formerly Lord Chancellor of England /$c(Part 3. of "Tres Thomae", printed at Douai, 1588) by Thomas Stapleton ; Translated, for the first time, into English by Philip E. Hallett. 246 04$iTitolo in copertina:$aLife of Sir Thomas More 260 $aLondon :$bBurns Oates & Washbourne,$c1928. 300 $aXVI, 235 p. . [1] ritratto ;$c19 cm. 600 04$aMoro, Tommaso .$0(OLS)http://semarc/subject/5365 700 1 $aHallett, Philip E.$0(OLS)http://semarc/name/56237 850 $aSeMil 852 $aSeMil$W1$xVenegono$y1$m3H II 81$j243399$B92578$CSeMilBibl$Z2$F121122 $81 961 $aRecupero: Altro 996 $6245$aThe life and illustrious martyrdom of Sir Thomas More, formerly Lord Chancellor of England$9(OLS)http://semarc/title/203363 996 $6246$aLife of Sir Thomas More$9(OLS)http://semarc/title/203364 996 $6260$aLondon :$bBurns Oates & Washbourne$9(OLS)http://semarc/publisher/40736 LEADER 01218nam a2200289 i 4500 001 000000184025 003 CaOOAMICUS 005 20230314122155.0 008 151120s1990 it u000 u ita u 020 $a88-459-0775-9 040 $aSeMil$bita 100 1 $aHillesum, Etty,$d<1914-1943>.$0(OLS)http://semarc/name/43131 240 10$aBrieven 1942-1943.$0(OLS)http://semarc/title/264110 245 10$aLettere 1942-1943 /$cEtty Hillesum ; a cura di Chiara Passanti ; prefazione di Jan G. Gaarlandt. 264 1$aMilano :$bAdelphi,$c1990. 300 $a149 p. ;$c22 cm. 490 0 $aLa collana dei casi ;$v21 700 1 $aGaarlandt, Jan Geurt,$d<1946- >.$0(OLS)http://semarc/name/60240 700 1 $aPassanti, Chiara.$0(OLS)http://semarc/name/67664 830 3$aLa collana dei casi ;$v21.$0(OLS)http://semarc/title/7861 850 $aSeMil 852 $aSeMil$W1$xVenegono$y1$m1V V 191$j134721$B134721$CSeMilBibl$Z2$F146385 $81 961 $aOmaggio: Martinelli don Romano 996 $6020$a88-459-0775-9$9(OLS)http://semarc/number/173899 996 $6245$aLettere 1942-1943$9(OLS)http://semarc/title/264109 996 $6264$aMilano :$bAdelphi$9(OLS)http://semarc/publisher/30018